Effective intercultural evangelism : (Record no. 10337)
[ view plain ]
| 000 -LEADER | |
|---|---|
| fixed length control field | 01924cam a2200373 i 4500 |
| 001 - CONTROL NUMBER | |
| control field | 21960473 |
| 003 - CONTROL NUMBER IDENTIFIER | |
| control field | GBCCL |
| 005 - DATE AND TIME OF LATEST TRANSACTION | |
| control field | 20241126110730.0 |
| 008 - FIXED-LENGTH DATA ELEMENTS--GENERAL INFORMATION | |
| fixed length control field | 210326s2021 ilua b 000 0 eng |
| 010 ## - | |
| -- | 2021013715 |
| 020 ## - INTERNATIONAL STANDARD BOOK NUMBER | |
| International Standard Book Number | 9780830831722 |
| Qualifying information | (print) |
| 020 ## - INTERNATIONAL STANDARD BOOK NUMBER | |
| Canceled/invalid ISBN | 9780830831739 |
| Qualifying information | (digital) |
| 040 ## - CATALOGING SOURCE | |
| Original cataloging agency | DLC |
| Language of cataloging | eng |
| Description conventions | rda |
| Transcribing agency | DLC |
| Modifying agency | DLC |
| 042 ## - | |
| -- | pcc |
| 050 00 - | |
| -- | BV3790 |
| -- | .M66 2021 |
| 082 00 - DEWEY DECIMAL CLASSIFICATION NUMBER | |
| Classification number | 269.2 |
| Edition information | 23 |
| Item number | MOO |
| 100 1# - MAIN ENTRY--PERSONAL NAME | |
| Personal name | Moon, W. Jay, |
| Relator term | author. |
| 9 (RLIN) | 17934 |
| 245 10 - TITLE STATEMENT | |
| Title | Effective intercultural evangelism : |
| Remainder of title | good news in a diverse world / |
| Statement of responsibility, etc. | W. Jay Moon and W. Bud Simon. |
| 264 #1 - PRODUCTION, PUBLICATION, DISTRIBUTION, MANUFACTURE, AND COPYRIGHT NOTICE | |
| Place of production, publication, distribution, manufacture | Downers Grove, Illinois : |
| Name of producer, publisher, distributor, manufacturer | IVP, an imprint of InterVarsity Press, |
| Date of production, publication, distribution, manufacture, or copyright notice | [2021] |
| 300 ## - PHYSICAL DESCRIPTION | |
| Extent | 216 pages : |
| Other physical details | illustrations ; |
| Dimensions | 22 cm |
| 336 ## - CONTENT TYPE | |
| Content type term | text |
| Content type code | txt |
| Source | rdacontent |
| 337 ## - MEDIA TYPE | |
| Media type term | unmediated |
| Media type code | n |
| Source | rdamedia |
| 338 ## - CARRIER TYPE | |
| Carrier type term | volume |
| Carrier type code | nc |
| Source | rdacarrier |
| 504 ## - BIBLIOGRAPHY, ETC. NOTE | |
| Bibliography, etc. note | Includes bibliographical references (pages [205]-216). |
| 520 ## - SUMMARY, ETC. | |
| Summary, etc. | "We live in a multicultural society, but many Christians hesitate to engage those of other faiths about Christianity. Exploring evangelism from the perspective of four major worldviews, Jay Moon and Bud Simon unpack the intercultural dynamics at hand when sharing the gospel across cultures, offering contextual evangelism approaches that are relevant, biblical, and practical"-- |
| Assigning source | Provided by publisher. |
| 650 #0 - SUBJECT ADDED ENTRY--TOPICAL TERM | |
| Topical term or geographic name entry element | Evangelistic work. |
| 9 (RLIN) | 290 |
| 650 #0 - SUBJECT ADDED ENTRY--TOPICAL TERM | |
| Topical term or geographic name entry element | Christianity and culture. |
| 9 (RLIN) | 886 |
| 650 #0 - SUBJECT ADDED ENTRY--TOPICAL TERM | |
| Topical term or geographic name entry element | Christianity and other religions. |
| 9 (RLIN) | 12 |
| 700 1# - ADDED ENTRY--PERSONAL NAME | |
| Personal name | Simon, W. Bud |
| Fuller form of name | (Walter Bud), |
| Relator term | author. |
| 9 (RLIN) | 17935 |
| 776 08 - ADDITIONAL PHYSICAL FORM ENTRY | |
| Relationship information | Online version: |
| Main entry heading | Moon, W. Jay. |
| Title | Effective intercultural evangelism |
| Place, publisher, and date of publication | Downers Grove, IL : InterVarsity Press, 2021 |
| International Standard Book Number | 9780830831739 |
| Record control number | (DLC) 2021013716 |
| 906 ## - LOCAL DATA ELEMENT F, LDF (RLIN) | |
| a | 7 |
| b | cbc |
| c | orignew |
| d | 1 |
| e | ecip |
| f | 20 |
| g | y-gencatlg |
| 942 ## - ADDED ENTRY ELEMENTS (KOHA) | |
| Source of classification or shelving scheme | Dewey Decimal Classification |
| Koha item type | Books |
| Withdrawn status | Lost status | Source of classification or shelving scheme | Damaged status | Not for loan | Home library | Current Library | Shelving location | Date acquired | Total checkouts | Full call number | Barcode | Date last seen | Date last checked out | Copy number | Price effective from | Koha item type |
|---|---|---|---|---|---|---|---|---|---|---|---|---|---|---|---|---|
| Dewey Decimal Classification | GRACE BIBLE COLLEGE | GRACE BIBLE COLLEGE | Ministry & Mission | 2024-06-25 | 1 | 269.2 MOO | 016911 | 2025-08-05 | 2025-07-29 | c.1 | 2024-06-25 | Books |